000 00579nam a2200181Ia 4500
005 20250508152237.0
008 008 250505s9999 xx 000 0 eng d
037 _aTextual
040 _aFEDL
_beng
_cFEDL
041 _aeng
_2eng
084 _a371.73, SCH
_qFEDL
100 _aSchneider Elsa Ed.
_9761065
245 0 _aPhysical education in small schools : With suggestions relating to health and recreation
260 _aWashington, USA
_bNational Education Association
_c1948
300 _a158p
942 _cTEXL
_h371.73, SCH
999 _c1335244
_d1335244